000 00651nam a2200253Ia 4500
003 OSt
005 20220912150714.0
006 a|||||r|||| 00| 0
007 ta
008 220909b |||||||| |||| 00| 0 eng d
024 _a55990
037 _cTextual
040 _aCSL
_beng
_cCSL
041 _aeng
082 _aJ:9573, H5
100 _aTurner W I
245 0 _aGrowing plants in nuterient solutions
260 _aNew York
_b John Wiley
_c1945
300 _axiii, 154p.
_ccm.
650 _aAgriculture
700 _a Henry V M
942 _hJ:9573, H5
_cTEXL
_2CC
999 _c53039
_d53039